000 00640cam a22001931 4500
001 ne 63001265
003 DLC
005 20260227111747.0
008 820531q19601969ua 000 1 ararc
010 _ane 63001265
035 _a(OCoLC)8478552
040 _aPrinceton Univ. Libr.
_cTU
_dTU
_dDLC
042 _apremarc
050 0 0 _aPJ7860.A5
_bM8
100 1 _aRamādī, Muḥammad Jamāl al-Dīn.
245 1 3 _aal-Muʻadhdhabāt fī al-arḍ,
_bwa-qiṣaṣ ukhrā ʻArabīyah wa-Gharbīyah.
_c[taʼlīf] Jamāl al-Dīn al-Ramādī.
260 _a[al-Qāhirah]
_bDār al-Nahḍah al-ʻArabīyah.
_c[1960,1969]
300 _a414 p.
_c24 cm.
999 _c46016
_d46016